000 00628nam a2200229Ia 4500
003 OSt
005 20220926012445.0
006 a|||||r|||| 00| 0
007 ta
008 220923b |||||||| |||| 00| 0 eng d
020 _a0231051824
037 _cGeneral Book
040 _aRTL
_cRTL
_beng
041 _2eng
_aeng
082 _aY5.41.N7, M1/TD
100 _aKRAUS R C
_9316557
245 0 _aClass conflict in Chinese socialism.
260 _aNew York
_bColumbia University Press
_c1981
300 _ax,243p.
_ccm.
942 _hY5.41.N7, M1/TD
_cGB
_2CC
999 _c623081
_d623081